000 02151nam0a2200385 4500
001 RU\NLR\bibl\987003
005 20260405112946.0
010 _a5-225-03969-3
_bВ пер.
_91000
021 _aRU
_b2006-44195
_92211
035 _a(nilc)RSL-KNO-002916084
035 _a(NLR Aleph) 000974855
090 _a422250
_c422250
100 _a20060809d2006 |||y0rusy50 ca
101 0 _arus
102 _aRU
105 _ay |||||||||
106 _ar
200 1 _aМагнитно-резонансная холангиография в диагностике заболеваний желчевыводящих путей
_fА. Ю. Васильев, В. А. Ратников
210 _aМосква
_cМедицина
_cШико
_d2006
_eМ.
_gТипография "Наука" РАН
215 _a197, [1] с.
_cил., табл., цв. ил.
_d22
300 _aНа 4-й с. обл. авт.: Васильев А.Ю. д.м.н., проф., чл.-корр. РАМН, Ратников В.А. д.м.н., проф.
320 _aБиблиогр.: с. 186-198
606 1 _aЖелчные пути
_xБолезни
_xХолангиография магнитно-резонансная
_92441792
_3RU\NLR\auth\661452564
610 0 _aЗдравоохранение. Медицинские науки -- Гастроэнтерология -- Болезни пищеварительных органов -- Болезни желчного пузыря и желчных путей -- Холангиография -- Пособие для специалистов
686 _aР413.52-436.1,07
_2rubbk
686 _aР413.52-433
700 1 _4070
_8rus
_7ca
_aВасильев
_bА. Ю.
_cд-р мед. наук, рентгенология
_f1962-
_gАлександр Юрьевич
_3RU\NLR\auth\7728883
_911912
701 1 _4070
_8rus
_7ca
_aРатников
_bВ. А.
_cд-р мед. наук
_gВячеслав Альбертович
_3RU\NLR\auth\7743698
_926641
801 0 _aRU
_bРКП
_c20060809
_grcr
801 1 _aRU
_bРГБ
_c20060809
801 2 _aRU
_bNLR
_c20060922
_grcr
830 _aавт. по кн.
942 _cBOOK
980 _aNB